| 000 | 00615nam a22001937a 4500 | ||
|---|---|---|---|
| 005 | 20251108174913.0 | ||
| 008 | 250721s2010 xx 000 0 ara d | ||
| 082 | 1 | 4 | _a211.957501/شاع |
| 100 | 1 |
_aالشاعر، عمرو _eمؤلف |
|
| 245 | 1 | 0 | _aنشأة الإنسان بين التوراة والقرآن ونظرية دارون / |
| 264 | 1 |
_aالجيزة : _bمكتبة النافذة، _c2010. |
|
| 300 | _a310ص. | ||
| 650 | 1 | 7 | _aالقرآن الكريم |
| 650 | 1 | 7 | _aعلم الوراثة |
| 650 | 1 | 7 | _aنظرية التطور |
| 653 | _aالتوراة | ||
| 942 |
_2ddc _cBK |
||
| 999 |
_c121108 _d121108 |
||